| 000 | 01475nam0a22003371 4500 | ||
|---|---|---|---|
| 001 | rc\2255855 | ||
| 005 | 20260407140323.0 | ||
| 035 | _a(NLR Aleph) 006538275 | ||
| 090 |
_a6608670 _c6608670 |
||
| 100 | _a20110826d1978 |||y0rusy50 ca | ||
| 101 | 0 | _arus | |
| 102 | _aRU | ||
| 105 | _ay ac ||||| | ||
| 200 | 1 |
_aНаучные труды Киевского НИИ гигиены труда и профзаболеваний _eБиблиогр. указ. работ, опубл. с 1959 по 1978 гг. _f[Сост. Л.А. Добровольский, Н.Н. Ермакова, Т.И. Иногородская и др.] |
|
| 210 |
_aКиев _cБ. и. _d1978 |
||
| 215 |
_a184 с. _d21 |
||
| 606 |
_aПрофессиональная патология _jУказатели литературы _2psbo |
||
| 606 |
_aГигиена труда _jУказатели литературы _2psbo |
||
| 686 |
_aР124я183 _2rubbk |
||
| 702 | 1 |
_aИногородская _bТ.И. _4220 |
|
| 702 | 1 |
_aДобровольский _bЛ.А. _gЛеонид Александрович _4220 |
|
| 702 | 1 |
_aЕрмакова _bН.Н. _4220 |
|
| 710 | 0 | 2 |
_aКиевский НИИ гигиены труда и профзаболеваний _9509494 _3RU\NLR\AUTH\8810006019 |
| 801 | 0 |
_aRU _bNLR _gpsbo |
|
| 801 | 1 |
_aRU _bELAR _2rusmarc |
|
| 852 |
_aNLR _jС297-500/Н-34 |
||
| 899 |
_aRuMoRGB _jB 79-27/592 |
||
| 899 |
_aRuMoRGB _jB 79-27/593 |
||
| 899 |
_aRuMoRGB _jЦСБ |
||
| 942 | _cBOOK | ||
| 980 | _aNB | ||